00692nam a2200181 i 450000100060000000300090000600500170001500700030003200800410003510000290007624500840010526000770018930000450026670000290031185200320034099900170037295201210038921958ES-MaACL20230906152600.0t|021128s1954 xxk ||||1| eng d1 aAlexander, Peter.91977410aWool b: its chemistry and physics / cby Peter Alexander and Robert F. Hudson. aLondon, etc : bChapman and Hall, c1954 (eBristol : fJ.W. Arrowemith) aVIII, 403 p., 7 lám : bil. ; c22 cm.1 aHudson, Robert F.964522 aES-MaACLjC-10980 bR.39108 c21958d21958 00104070aATENEOMbATENEOMcSPALd2008-01-17eSCl0oC-10980p1022570r2023-02-23 00:00:00w2023-02-23yMONOGRAFIA